[Event "Novokuznetsk (Women)"]
[Site "Novokuznetsk"]
[Date "2016.08.10"]
[Round "2"]
[White "Erdenieva, Oyuna"]
[Black "Yanuchenko, Polina"]
[Result "1-0"]
[WhiteElo "2160"]
[BlackElo "2079"]
[PlyCount "71"]
[EventDate "2016.08.09"]
[EventType "tourn"]
[EventRounds "9"]
[EventCountry "RUS"]
[SourceTitle "EXT 2018"]
[Source "ChessBase"]
[SourceDate "2017.10.13"]
[SourceVersion "1"]
[SourceVersionDate "2017.10.13"]
[SourceQuality "1"]

1. d4 d5 2. c4 e6 3. Nf3 c6 4. Qc2 Nf6 5. g3 dxc4 6. Qxc4 b5 7. Qc2 Bb7 8. Bg2 Nbd7 9. Nc3 a6 10. a3 c5 11. dxc5 Bxc5 12. 0-0 Rc8 13. b4 Bb6 14. Bb2 0-0 15. Rac1 Qe7 16. e3 Ne4 17. Nd2 Nxd2 18. Qxd2 Bxg2 19. Kxg2 Ne5 20. Qe2 Qb7+ 21. e4 Nc4 22. Rfe1 Rfd8 23. Nb1 Rd7 24. Bc3 Rcd8 25. a4 e5 26. axb5 axb5 27. Rc2 Bd4 28. Bd2 f5 29. Bc1 Ra8 30. Nd2 Nd6 31. Kg1 Ra4 32. exf5 Rf7 33. Nf3 Nxf5 34. Nxe5 Re7 35. Qf3 Qxf3 36. Rc8+ 1-0

[Event "Novokuznetsk SFO-ch U15 Girls"]
[Site "Novokuznetsk"]
[Date "2014.11.08"]
[Round "7"]
[White "Tatarnikova, Ekaterina"]
[Black "Yanuchenko, Polina"]
[Result "0-1"]
[WhiteElo "1425"]
[BlackElo "2037"]
[PlyCount "112"]
[EventDate "2014.11.02"]
[EventType "swiss"]
[EventRounds "9"]
[EventCountry "RUS"]
[SourceTitle "CBM 163 Extra"]
[Source "ChessBase"]
[SourceDate "2014.12.23"]
[SourceVersion "1"]
[SourceVersionDate "2014.12.23"]
[SourceQuality "1"]

1. d4 f5 2. c4 Nf6 3. Nc3 g6 4. Nf3 Bg7 5. h4 d6 6. e3 Nc6 7. Bd2 e6 8. Qc2 Qe7 9. Bd3 Bd7 10. a3 e5 11. d5 Nd8 12. Be2 e4 13. Nd4 Nf7 14. 0-0-0 c6 15. Kb1 Rc8 16. f3 cxd5 17. Qb3 dxc4 18. Bxc4 0-0 19. f4 a6 20. Be2 b5 21. h5 Rfe8 22. hxg6 hxg6 23. Be1 Be6 24. Qc2 Bc4 25. Bxc4 Rxc4 26. Qe2 Qb7 27. Nb3 Qb6 28. g3 Rec8 29. Nd4 d5 30. g4 Nxg4 31. Nxd5 Qb7 32. Ne6 Rc2 33. Qxc2 Rxc2 34. Kxc2 Qc6+ 35. Kb1 Qxe6 36. Bb4 Bf6 37. Nc7 Qb3 38. Rd2 Nxe3 39. Ne8 Bh8 40. Rxh8+ Kxh8 41. Bc3+ Kg8 42. Nf6+ Kf8 43. Nd7+ Ke8 44. Nf6+ Ke7 45. Rd7+ Ke6 46. Rd2 Nc4 47. Rd4 Nxa3+ 48. Ka1 Nc2+ 49. Kb1 Nxd4 50. Bxd4 Qd1+ 51. Ka2 Qxd4 52. Nh7 Nd6 53. Ng5+ Kd7 54. Nh7 Nc4 55. Nf8+ Ke8 56. Nxg6 Qxb2# 0-1

[Event "Izmailov Memorial op 17th"]
[Site "Tomsk"]
[Date "2013.06.13"]
[Round "3"]
[White "Yudin, Sergei"]
[Black "Yanuchenko, Polina"]
[Result "1-0"]
[WhiteElo "2552"]
[BlackElo "1848"]
[PlyCount "39"]
[EventDate "2013.06.11"]
[EventType "swiss"]
[EventRounds "9"]
[EventCountry "RUS"]
[SourceTitle "CBM 154 Extra"]
[Source "ChessBase"]
[SourceDate "2013.06.25"]
[SourceVersion "2"]
[SourceVersionDate "2013.06.25"]
[SourceQuality "1"]

1. e4 c5 2. Nf3 Nc6 3. b3 g6 4. Bb2 Nf6 5. e5 Nd5 6. Ng5 e6 7. Ne4 Be7 8. c4 Nc7 9. d3 0-0 10. Qd2 Ne8 11. Qh6 Nd4 12. h4 Nf5 13. Qd2 d6 14. exd6 Nexd6 15. Nbc3 Bd7 16. Nxc5 Nxc4 17. dxc4 Bxc5 18. Ne4 Be7 19. 0-0-0 Bc6 20. Qc3 1-0

[Event "Izmailov Memorial op 17th"]
[Site "Tomsk"]
[Date "2013.06.11"]
[Round "1"]
[White "Yanuchenko, Polina"]
[Black "Khlichkova, Tatiana"]
[Result "1-0"]
[WhiteElo "1848"]
[BlackElo "2215"]
[PlyCount "93"]
[EventDate "2013.06.11"]
[EventType "swiss"]
[EventRounds "9"]
[EventCountry "RUS"]
[SourceTitle "CBM 154 Extra"]
[Source "ChessBase"]
[SourceDate "2013.06.25"]
[SourceVersion "2"]
[SourceVersionDate "2013.06.25"]
[SourceQuality "1"]

1. Nf3 f5 2. d4 Nf6 3. c4 e6 4. g3 Bb4+ 5. Nbd2 b6 6. Bg2 Bb7 7. 0-0 0-0 8. e3 Bxd2 9. Bxd2 d6 10. Qe2 Ne4 11. Be1 Nd7 12. Nd2 d5 13. Nxe4 dxe4 14. Rd1 Qg5 15. b4 Nf6 16. b5 a6 17. Bb4 Rfe8 18. a4 axb5 19. axb5 Qh6 20. c5 Bd5 21. Ra1 e5 22. Bd2 g5 23. f4 Rxa1 24. Rxa1 gxf4 25. gxf4 exf4 26. exf4 Kh8 27. Ra3 Ng4 28. Rh3 Qg7 29. Bc3 Ra8 30. Rg3 Qh6 31. h3 Nf6 32. Rg5 Rg8 33. Qe3 Qf8 34. Rxf5 h6 35. Kh1 Qg7 36. Bf1 Qg6 37. Re5 Bc4 38. Qf2 e3 39. Rxe3 Bd5+ 40. Kh2 Ne4 41. f5 Qg5 42. Rxe4 Bxe4 43. d5+ Kh7 44. d6 cxd6 45. cxd6 Bxf5 46. Bc4 Rd8 47. Be5 1-0